|
|
|
|
| LEADER |
00000cam a2200000 7i4500 |
| 001 |
0000001442 |
| 005 |
20030606.0 |
| 090 |
0 |
0 |
|a 551.48
|b SEM 1988
|
| 110 |
1 |
0 |
|a SEMINAR on Watershed Research and Management Practices
|k 1985
|j Serdang, Selangor, Malaysia
|
| 245 |
1 |
0 |
|a Proceedings ... , 28 October-i November 1985, Serdang, Selangoe, Malaysia
|
| 260 |
0 |
0 |
|a Philippines :
|b ASEAN-US Watershed Project ,
|c 1988
|
| 300 |
|
|
|a 251 p. ;
|c 23 cm.
|
| 500 |
0 |
0 |
|a Includes bibliographies
|
| 650 |
0 |
0 |
|a Watershed management
|x Congresses
|
| 650 |
0 |
0 |
|a Watersheds
|x Congresses
|
| 710 |
1 |
1 |
|a ASEAN-US Watershed Project
|
| 998 |
|
|
|a JPSM
|
| 999 |
|
|
|a 0000002474
|b Monograph
|c Open Shelf
|e Default branch
|
| 999 |
|
|
|a 0000003825
|b Monograph
|c Open Shelf
|e Default branch
|